Hegemonía cultural y políticas de la diferencia /

Guardado en:
Bibliografiske detaljer
Hovedforfatter: Grimson, Alejandro (coordinador)
Andre forfattere: Bidaseca, Karina
Format: Ukendt
Sprog:Spanish
Udgivet: Argentina : CLACSO
Serier:Grupos de Trabajo de CLACSO
Tags: Tilføj Tag
Ingen Tags, Vær først til at tagge denne postø!

MARC

LEADER 00000 a2200000 04500
001 48632
003
008 050705s2013 ag spa d
040
020 |a 978-987-1891-54-2  
022 |a 978-987-1891-54-2  
090 |a 0002 G865h  
100 |a Grimson, Alejandro,   |e coordinador  
245 |a Hegemonía cultural y políticas de la diferencia /   |c Alejandro Grimson, Karina Bidaseca, coordinadores  
260 |a Argentina :   |b CLACSO  
300 |a 278 páginas :   |b ilustraciones  
440 |a Grupos de Trabajo de CLACSO  
700 |a Bidaseca, Karina,  
700 |e coordinadora  
999 |c 11544  |d 11544